Countries of the World - Twelve Minute Jog - Statistics

General Stats
  • This quiz has been taken 3,830 times
  • The average score is 118 of 196
Answers on the Map
Answers color-coded by a green-red scale on the quiz's map according to % correct below.
 
Answer Stats
country % Correct
United States
95%
Canada
94%
Russia
93%
Brazil
92%
China
92%
France
92%
Mexico
92%
United Kingdom
92%
Australia
91%
Italy
91%
India
90%
Spain
90%
Germany
89%
Japan
89%
Argentina
87%
Portugal
87%
Chile
86%
Ireland
85%
Sweden
85%
Egypt
84%
Finland
84%
Iceland
84%
Norway
84%
South Africa
84%
South Korea
84%
Greece
83%
North Korea
83%
Turkey
83%
Denmark
82%
Poland
81%
Ukraine
81%
Peru
80%
Iran
79%
New Zealand
79%
Colombia
78%
Indonesia
78%
Pakistan
78%
Switzerland
78%
Belgium
77%
Madagascar
77%
Netherlands
77%
Mongolia
76%
Austria
75%
Cuba
75%
Iraq
75%
Morocco
75%
Niger
75%
Israel
74%
Thailand
74%
Uruguay
74%
Vietnam
73%
Saudi Arabia
72%
Venezuela
72%
Bolivia
71%
Paraguay
71%
Croatia
70%
Panama
70%
Afghanistan
69%
Democratic Republic of the Congo
69%
Kazakhstan
69%
Algeria
68%
Philippines
68%
Romania
68%
Sudan
68%
Congo
67%
Estonia
67%
Nigeria
67%
United Arab Emirates
67%
Ecuador
66%
Hungary
66%
Latvia
66%
Nepal
66%
Oman
66%
Yemen
66%
Lithuania
65%
Albania
64%
Chad
64%
Jamaica
64%
Slovakia
64%
Belarus
63%
Czechia
63%
Sri Lanka
63%
Ethiopia
62%
Haiti
62%
Malaysia
62%
Slovenia
62%
Bangladesh
61%
Dominica
61%
Kenya
61%
Serbia
61%
Somalia
61%
Taiwan
61%
Bulgaria
60%
Cambodia
60%
Jordan
60%
Laos
60%
Libya
60%
Papua New Guinea
60%
Syria
60%
Bosnia and Herzegovina
59%
Dominican Republic
59%
Uzbekistan
59%
Georgia
58%
Ghana
58%
Luxembourg
58%
Qatar
58%
South Sudan
58%
Tunisia
58%
Vatican City
58%
Costa Rica
57%
Honduras
57%
Zimbabwe
57%
Guatemala
56%
Angola
55%
Bahamas
55%
Mali
55%
Myanmar
55%
Turkmenistan
55%
Cyprus
54%
Guyana
54%
North Macedonia
54%
Andorra
53%
Armenia
53%
El Salvador
53%
Suriname
53%
Azerbaijan
52%
Fiji
52%
Malta
52%
Moldova
52%
Nicaragua
52%
Tanzania
52%
Belize
51%
Guinea
51%
Lebanon
51%
Bhutan
50%
Botswana
50%
Montenegro
50%
Uganda
50%
Zambia
50%
Kosovo
49%
Monaco
49%
Singapore
49%
Senegal
48%
Côte d'Ivoire
47%
Kyrgyzstan
47%
Namibia
47%
Cameroon
46%
Central African Republic
46%
Eritrea
46%
Kuwait
46%
Lesotho
46%
Liechtenstein
46%
Mozambique
46%
Rwanda
46%
San Marino
46%
Togo
46%
Tajikistan
45%
Barbados
44%
Benin
42%
Liberia
42%
Maldives
42%
Mauritania
42%
Bahrain
41%
Trinidad and Tobago
41%
Gambia
40%
Cabo Verde
39%
Djibouti
39%
Eswatini
39%
Malawi
39%
Mauritius
39%
Micronesia
39%
Samoa
38%
Seychelles
38%
Antigua and Barbuda
37%
Equatorial Guinea
37%
Guinea-Bissau
37%
Saint Kitts and Nevis
37%
Saint Lucia
37%
Sierra Leone
37%
Tonga
37%
Tuvalu
37%
Burkina Faso
36%
Gabon
36%
Solomon Islands
36%
Vanuatu
36%
Burundi
35%
Timor-Leste
35%
Brunei
34%
Marshall Islands
34%
Palau
34%
Grenada
33%
Kiribati
33%
Saint Vincent and the Grenadines
33%
Nauru
32%
São Tomé and Príncipe
32%
Comoros
31%
No matching quizzes found
Score Distribution
Percent of People with Each Score
Percentile by Number Answered
Your Score History
You have not taken this quiz